000 00402nam a2200121Ia 4500
008 220620s9999||||xx |||||||||||||| ||und||
100 _aKrzysztof Biernat
245 0 _aBiofuels - State of Development
546 _aEnglish[eng]
650 _aLife Sciences||Sustainable Energy||Bioenergy||Environmental Sciences
856 _uhttps://www.intechopen.com/books/biofuels-state-of-development
942 _cEB
999 _c34218
_d34218